Normal view MARC view
  • Mateos Martín, Pilar,

Entry Nombre Personal

Number of records used in: 1

001 - NUMERO DE CONTROL

  • campo de control: 43599

003 - IDENTIFICADOR DE NUMERO DE CONTROL

  • campo de control: UPN

005 - FECHA Y HORA DE LA ÜLTIMA TRANSACCIÓN

  • campo de control: 20220125171745.0

008 - DATOS DE LONGITUD FIJA

  • campo de control de longitud fija: 220125|g aca||aabn | aaa d

040 ## - FUENTE DE CATALOGACIÓN

  • Agencia original de catalogación: UPN

053 #4 - NÚMERO DE CLASIFICACIÓN LC

  • Número de clasificación elemento-número único o número inicial de tramo: PQ6663 A8.3

100 1# - ENCABEZAMIENTO - NOMBRE PERSONAL

  • Nombre personal: Mateos Martín, Pilar,
  • Fechas asociadas con el nombre: 1942-

400 1# - VEÁSE - NOMBRE DE PERSONA

  • Personal name: Mateos, Pilar,
  • Dates associated with a name: 1942-

670 ## - FUENTE EN LA QUE SE LOCALIZARON DATOS

  • Cita de la fuente: Wikipedia

680 ## - NOTA PUBLICA DE ACCESO PÚBLICO

  • Frase explicativa de la referencia: Escritora española de literatura infantil y juvenil

902 ## - CATALOGADOR

  • Catalogador: CAA/250122